| 000 | 01509cam a2200385 a 4500 | ||
|---|---|---|---|
| 001 | 13121454 | ||
| 003 | EG-ScBUE | ||
| 005 | 20220220100001.0 | ||
| 008 | 030312r20102003enk f 000 0aeng d | ||
| 020 | _a0007142722 | ||
| 020 | _a9780007142729 | ||
| 040 |
_aDLC _beng _erda _cDLC _dDLC _dEG-ScBUE |
||
| 043 | _ae-uk--- | ||
| 082 | 0 | 4 |
_a823.914 _222 _bMAN |
| 100 | 1 |
_aMantel, Hilary, _d1952- _eauthor. _924227 |
|
| 245 | 1 | 0 |
_aGiving up the ghost : _ba memoir / _cHilary Mantel. |
| 264 | 1 |
_aLondon : _bFourth Estate, _c2010. |
|
| 300 |
_a252 pages ; _c22 cm |
||
| 336 |
_2rdacontent _atext _btxt |
||
| 337 |
_2rdamedia _aunmediated _bn |
||
| 338 |
_2rdacarrier _avolume _bnc |
||
| 500 | _a"A John Macrae book." | ||
| 600 | 1 | 7 |
_aMantel, Hilary, _d1952- _2BUEsh _924228 |
| 600 | 1 | 7 |
_aMantel, Hilary, _d1952- _xFamily. _2BUEsh _924229 |
| 600 | 1 | 7 |
_aMantel, Hilary, _d1952- _xChildhood and youth. _2BUEsh _924230 |
| 650 | 7 |
_aNovelists, English _y20th century _vBiography. _924231 _2BUEsh |
|
| 650 | 7 |
_aChronic pain _xPatients _zGreat Britain _vBiography. _924232 _2BUEsh |
|
| 651 | _2BUEsh | ||
| 653 |
_cMay2011 _dBestSellers _bGGEN |
||
| 655 |
_vReading book _934232 |
||
| 856 | 4 | 2 |
_3Contributor biographical information _uhttp://www.loc.gov/catdir/bios/hol053/2003047757.html |
| 856 | 4 | 2 |
_3Publisher description _uhttp://www.loc.gov/catdir/description/hol032/2003047757.html |
| 942 |
_2ddc _cBB |
||
| 999 |
_c15430 _d15430 |
||